Tratados morales / Estudio preliminar por Francisco Nóvoa; Traducciones de Menéndez y Pelayo, M. de Valbuena y Gallegos Roca Full
Gespeichert in:
| 1. Verfasser: | |
|---|---|
| Format: | Buch |
| Sprache: | Undetermined |
| Veröffentlicht: |
Estados Unidos
Editorial Cumbre
1979
|
| Ausgabe: | 14 |
| Schlagworte: | |
| Tags: |
Tag hinzufügen
Keine Tags, Fügen Sie den ersten Tag hinzu!
|
MARC
| LEADER | 00000nam a2200000Ia 4500 | ||
|---|---|---|---|
| 008 | 170316s9999 xx 000 0 und d | ||
| 040 | |a cru BVZT | ||
| 090 | |a E-808 C-2t | ||
| 100 | |a Cicerón y Séneca | ||
| 245 | |a Tratados morales / Estudio preliminar por Francisco Nóvoa; Traducciones de Menéndez y Pelayo, M. de Valbuena y Gallegos Roca Full | ||
| 250 | |a 14 | ||
| 260 | |a Estados Unidos | ||
| 260 | |b Editorial Cumbre | ||
| 260 | |c 1979 | ||
| 300 | |a 474 páginas | ||
| 650 | |a LITERATURA CLÁSICA - COLECCIÓN ESPECIAL | ||
| 650 | |a CICERON : DEL SUMO BIEN Y DEL SUMO MAL ; LOS OFICIOS ; SÉNECA : DE LA PROVIDENCIA ; DE LA CLEMENCIA ; DE LA BREVEDAD DE LA VIDA ; DE LA VIDA BIENAVENTURADA ; DE LA TRANQUILIDAD DEL ANIMO | ||
| 999 | |c 13253 |d 13253 | ||
| 942 | |c 15 D |h E-808 C-2t |2 z | ||
